000 01091naa a22002657a 4500
001 BR9001357
003 BR-BrBNA
005 20240918180627.0
007 ta
008 230509b bl.||||| |||| 00| 0 por d
040 _aBR-BrBNA
_bpor
_cBiblioteca Nacional de Agricultura
041 _a(Pt)
072 _aF30
090 _aF30 BR9001357
100 1 _aFerreira, F.R.
111 1 _a1. Encontro sobre Recursos Geneticos
_cJaboticabal, SP (Brazil)
_d12-14 Apr 1988
245 1 _aConservacao de germoplasma "In Vivo"
260 3 _aJaboticabal, SP (Brasil):
_c1988.
500 _aAraujo, S.M.C. de; Osuna, J.A. (eds.) Anais do 1. Encontro sobre Recursos Geneticos Jaboticabal, SP (Brasil): 1988. p. 96-101 (BR9001357-AM)F30
650 _aGERMOPLASMA
650 _aCONSERVACAO
773 0 _tAnais do 1. Encontro sobre Recursos Geneticos
_aAraujo, S.M.C. de; Osuna, J.A. (eds.). Faculdade de Ciencias Agrarias e Veterinarias "Campus" de Jaboticabal, SP (Brasil)
_wF30 BR9001357
_gJaboticabal, SP (Brasil), 1988. p. 96-101
909 _a202404
_bLucia
_c55
_dLucia Elande
942 _cAM
_2AGRIS
999 _c321380
_d321380